BIBLIOTECA

SENCICO

Análisis sectorial y competitividad / (Registro nro. 2607)

Detalles MARC
000 -LEADER
fixed length control field 01288nam a2200241Ia 4500
003 - CONTROL NUMBER IDENTIFIER
control field PE SENCICO BE
005 - DATE AND TIME OF LATEST TRANSACTION
control field 20251020182547.0
008 - FIXED-LENGTH DATA ELEMENTS--GENERAL INFORMATION
fixed length control field 200515s9999 xx 000 0 und d
020 ## - INTERNATIONAL STANDARD BOOK NUMBER
International Standard Book Number 978-958-648-730-6
040 ## - CATALOGING SOURCE
Original cataloging agency PE SENCICO BE
Transcribing agency PE SENCICO BE
082 ## - DEWEY DECIMAL CLASSIFICATION NUMBER
Classification number 658.4012
Item number B41
100 1# - MAIN ENTRY--PERSONAL NAME
Personal name Betancourt G., Benjamín
9 (RLIN) 1314
Relator term autor
245 10 - TITLE STATEMENT
Title Análisis sectorial y competitividad /
Statement of responsibility, etc. Benjamím Betancourt G.
250 ## - EDITION STATEMENT
Edition statement [1a ed.]
260 ## - PUBLICATION, DISTRIBUTION, ETC.
Place of publication, distribution, etc. Santafé, Bogotá :
Name of publisher, distributor, etc. Ecoe ediciones,
Date of publication, distribution, etc. 2014
300 ## - PHYSICAL DESCRIPTION
Extent xviii, 261 p. :
Other physical details il., diagrs.,
Dimensions 23 cm.
504 ## - BIBLIOGRAPHY, ETC. NOTE
Bibliography, etc. note Bibliografía: p. 253-261
520 ## - SUMMARY, ETC.
Summary, etc. Presenta principios básicos, soporte teórico, apoyo metodológico y la aplicación práctica para llevar cabo el análisis de un sector (industrial) y sus competitividad. El conocimiento y el entendimiento de elementos que constituyen el fundamento de la estrategia competitiva, contribuyen significativamente a la toma de decisiones y aportan al desarrollo de competencias que faciliten a los estrategas empresariales la formulación e implementación de estrategias exitosas para la supervivencia de las organizaciones.
650 10 - SUBJECT ADDED ENTRY--TOPICAL TERM
Topical term or geographic name entry element Planificación estratégica
9 (RLIN) 731
650 20 - SUBJECT ADDED ENTRY--TOPICAL TERM
Topical term or geographic name entry element Competitividad
9 (RLIN) 1315
650 20 - SUBJECT ADDED ENTRY--TOPICAL TERM
Topical term or geographic name entry element Organización industrial
9 (RLIN) 1316
942 ## - ADDED ENTRY ELEMENTS (KOHA)
Koha item type Libros
Source of classification or shelving scheme Dewey Decimal Classification
Existencias
Fecha de la última vez que lo usaron Número de ingreso o de inventario Pago total Signatura topográfica completa Precio efectivo desde Tipo de documento Estado perdido Sistema de clasificación Estado dañado No es para préstamo Retirado Ubicación permanente Ubicación actual Fecha de adquisición Fuente de adquisición
15/05/2020 16637   658.4012/B41 20/10/2025 Libros   Dewey Decimal Classification       Biblioteca Central Lima Biblioteca Central Lima 03/08/2023 Comprado de la librería Cydma Tech